000 00640nam a22002177a 4500
003 UA-OsUOA
001 47342
007 ta
008 20070716b un ||||| |||| 00| 0 ukr d
100 _aДаймок У.Ч.
090 _a101
_bД-12
942 _cSA
040 _aUA-OsUOA
_brus
_cUA-OsUOA
_dUA-OsUOA
245 _aЭстетика и границы нации: Кант, Паунд и "Сатердей Ревью"
300 _aС.19-22
955 _a0
041 _arus
080 _a101
773 0 _w47340
_tКультурология. Дайджест
_dМ.
_d2007
_g2
650 7 _a1 Філософські науки
_2UDC
999 _c333425
_d333425